| 000 | 01233pam a2200325 a 4500 | ||
|---|---|---|---|
| 001 | 016117163 | ||
| 003 | OSt | ||
| 005 | 20140127144858.0 | ||
| 008 | 120702t2012 xxkabd frb f001 0 eng d | ||
| 020 | _a9780199929825 (hbk.) | ||
| 020 | _a0199929823 (hbk.) | ||
| 040 |
_aStDuBDS _beng _cStDuBDS _dStEdNL _dUk |
||
| 043 |
_aac----- _an-us--- _ae-ru--- _aa-cc--- |
||
| 082 | 0 | 4 |
_a327.58 _222 _bCOO |
| 100 | 1 |
_aCooley, Alexander, _d1972- _912086 |
|
| 245 | 1 | 0 |
_aGreat games, local rules : _bthe new great power contest in Central Asia / _cAlexander Cooley. |
| 260 |
_aOxford, United Kingdom : _bOxford University Press, _cc.2012. |
||
| 300 |
_axiv, 252 p. : _bchart, maps, tables; _c25 cm. |
||
| 500 | _aIndex : p. 243-252. | ||
| 504 | _aBibliography : p. 231-241. | ||
| 650 | 0 |
_aGeopolitics _zAsia, Central _934941 |
|
| 651 | 0 |
_aAsia, Central _xForeign relations _y1991- _934942 |
|
| 651 | 0 |
_aAsia, Central _xStrategic aspects _934943 |
|
| 651 | 0 |
_aAsia, Central _xForeign relations _zUnited States _934944 |
|
| 651 | 0 |
_aAsia, Central _xForeign relations _zRussia (Federation) _934946 |
|
| 651 | 0 |
_aAsia, Central _xForeign relations _zChina _934947 |
|
| 653 |
_bPol _cJanuary2014 |
||
| 655 |
_vreading book _934232 |
||
| 942 |
_2ddc _k327.58 COO |
||
| 999 |
_c17971 _d17943 |
||